000 01469nam0a2200313 4500
001 RU\NLR\b_ik\180546
005 20250616230740.0
010 _a978-5-9925-0398-2
_92000
035 _a(NLR Aleph) 002253106
090 _a3715904
_c3715904
100 _a20091118d2009 |||y0rusy50 ca
101 0 _aspa
102 _aRU
105 _ay |||||||||
200 1 _aAbel Sánchez
_euna historia de pasión
_e[книга для чтения на испанском языке]
_gподгот. текста, коммент. и слов. О.К. Войку
210 _aСанкт-Петербург
_cКаро
_d2009
215 _a251, [2] с.
_d17
225 1 _aEspañol
_iLiteratura clásica
300 _aВ вып. дан.: Авель Санчес : история одной страсти; Святой Мануэль Добрый, мученик / Мигель де Унамуно
327 1 _aСодерж.: Abel Sánchez : una historia de pasión; San Manuel Bueno, mártir
517 0 _aАвель Санчес : история одной страсти; Святой Мануэль Добрый, мученик
606 1 _aИспанский язык
_jКниги для чтения
_91211111
_3RU\NLR\AUTH\66491709
686 1 _aШ147.21-93рус91
700 1 _4570
_7ba
_8spa
_aUnamuno
_bM. de
_f1864-1936
_gMiguel de
_9257103
_3RU\NLR\AUTH\770257159
801 0 _aRU
_bNLR
_c20091118
_gRCR
942 _cBOOK
980 _aNB